00648nam a2200241 a 4500001001300000003000900013005001700022008004100039020001000080082001400090100002100104245002000125260004100145300000900186500003500195505001000230650002100240700002100261902000800282942000700290952009400297999001500391nice12345678IN_TiNIC20260116011747.0050524s1913 dela grp 000 0 urd  ac10000a241bFRE1 aFrench, V Thomas aImdad-Ul-Ibadat aDelhibImperial Bookdepo Pressc1913 a156p aincludes index and biblioraphy2 aNotes aChristian-Ethics1 aFrench, V Thomas bSRS cBK 00104070aHMIbHMId2007-06-28g100.00l0o241 FRE1p9635r2007-06-28w2026-01-16yARB c3761d3761